Wissenchaftsgeschichte der Numismatik Beiträge zum 17. deutschen Numismatikertag 3.-5. März 1995 in Hannover

Bibliographic Details
Other Authors: Albert, Rainer (upr), Cunz, Reiner (upr)
Format: Book
Language:German
PhysicalDescription:248 s. 22 cm
Published: Speyer Numismatische Gesellschaft Speyer 1995
ISSN:0938-7269
Series:Schriftenreihe der Numismatischen Gesellschaft Speyer
Subjects:

MARC

LEADER 00000nam a2200000 a 4500
001 vtls001286773
003 SK-MaSNL
005 20260301113441.0
008 251113s1995 DE a 0 ger
020 |c [773,00] 
035 |a SNK000238328 
040 |a SNK  |b slo  |c SNK  |e AACR2 
044 |a DE 
080 |a 737(091)(082)  |2 1981 
245 1 |a Wissenchaftsgeschichte der Numismatik  |b Beiträge zum 17. deutschen Numismatikertag 3.-5. März 1995 in Hannover  |c herausgegeben von Rainer Albert und Reiner Cunz 
260 |a Speyer  |b Numismatische Gesellschaft Speyer  |c 1995 
300 |a 248 s.  |c 22 cm 
490 1 |a Schriftenreihe der Numismatischen Gesellschaft Speyer  |x 0938-7269  |v Bd. 36 
500 |a Čiast. text angl. a franc. 
650 0 7 |a numizmatika  |2 SNKPH  |9 2900 
650 0 7 |a dejiny  |2 SNKPH  |9 3825 
655 7 |a zborníky  |2 SNKPH  |9 70165 
700 1 |a Albert, Rainer  |4 upr  |9 396523 
700 1 |a Cunz, Reiner  |4 upr  |9 288082 
830 0 |a Schriftenreihe der Numismatischen Gesellschaft Speyer  |9 455596 
999 |c 714263  |d 716193 
952 |t P60, <04>, [BOOK], {604}  |a SNK  |b SNK  |y VYP  |7 0  |p 17A0069742  |o snkIC 126603  |i snkV 1313/97  |0 0  |1 0  |4 0  |d 1997-06-06  |l 0  |r 2005-01-02 00:00:00  |w 2026-02-23